[Event "EU-ch (Women) 24th"]
[Site "Rhodes"]
[Date "2024.04.22"]
[Round "4"]
[White "Brunello, Marina"]
[Black "Efroimski, Marsel"]
[Result "1-0"]
[WhiteElo "2353"]
[BlackElo "2457"]
[PlyCount "99"]
[EventDate "2024.04.19"]
[EventType "swiss"]
[EventRounds "10"]
[EventCountry "GRE"]
[SourceTitle "CB18_2024"]
[SourceDate "2024.05.01"]
[SourceVersion "1"]
[SourceVersionDate "2024.05.01"]
[SourceQuality "2"]

1. e4 c5 2. Nf3 Nc6 3. d4 cxd4 4. Nxd4 Nf6 5. Nc3 e5 6. Ndb5 d6 7. Bg5 a6 8. Na3 b5 9. Nd5 Be7 10. Bxf6 Bxf6 11. c3 0-0 12. Nc2 Bg5 13. a4 Rb8 14. axb5 axb5 15. h4 Bh6 16. g3 Kh8 17. Bg2 f5 18. exf5 Bxf5 19. 0-0 Qd7 20. Nce3 Be6 21. Ra6 Nd8 22. Qd3 Bg8 23. b4 Ne6 24. Rfa1 Bxe3 25. Qxe3 Nc7 26. Nxc7 Qxc7 27. Rc6 Qe7 28. Ra7 Qf6 29. Qd2 Rbd8 30. Raa6 Bc4 31. Rxd6 Rxd6 32. Rxd6 Qf5 33. Rd8 g6 34. Rxf8+ Qxf8 35. Bf1 Bxf1 36. Kxf1 Qc8 37. Qe3 Qc4+ 38. Kg1 Qc7 39. Qc5 Qb8 40. c4 bxc4 41. Qxc4 Kg7 42. Qc5 Kf6 43. b5 Qd8 44. b6 Qd1+ 45. Kg2 Qb1 46. Qc6+ Kg7 47. Qc7+ Kf6 48. b7 Qe4+ 49. Kh2 Qd4 50. Qc6+ 1-0

[Event "EU-ch (Women) 24th"]
[Site "Rhodes"]
[Date "2024.04.19"]
[Round "1"]
[White "Brunello, Marina"]
[Black "Zvereva, Margarita"]
[Result "1-0"]
[WhiteElo "2353"]
[BlackElo "2049"]
[PlyCount "59"]
[EventDate "2024.04.19"]
[EventType "swiss"]
[EventRounds "10"]
[EventCountry "GRE"]
[SourceTitle "CB18_2024"]
[SourceDate "2024.05.01"]
[SourceVersion "1"]
[SourceVersionDate "2024.05.01"]
[SourceQuality "2"]

1. e4 c5 2. Nf3 Nc6 3. d4 cxd4 4. Nxd4 e5 5. Nb5 d6 6. c4 f5 7. exf5 Bxf5 8. Bd3 Be6 9. 0-0 a6 10. N5c3 Nf6 11. Be3 Be7 12. Nd2 0-0 13. a3 Rc8 14. b4 Ng4 15. Be4 Nxe3 16. fxe3 Bg5 17. Rxf8+ Qxf8 18. Qe2 Ne7 19. Rf1 Qd8 20. Bxb7 Qb6 21. Bxc8 Qxe3+ 22. Qxe3 Bxe3+ 23. Kh1 Nxc8 24. Nce4 Ne7 25. Rf3 Bh6 26. Rd3 Nf5 27. Nxd6 Nd4 28. b5 axb5 29. cxb5 Nc2 30. b6 1-0

[Event "AUT-chT (Women) 2324"]
[Site "Austria"]
[Date "2024.03.23"]
[Round "5.1"]
[White "Heinatz, Gundula"]
[Black "Brunello, Marina"]
[Result "0-1"]
[WhiteElo "2159"]
[BlackElo "2358"]
[PlyCount "52"]
[EventDate "2023.11.24"]
[EventType "team-tourn"]
[EventRounds "9"]
[EventCountry "AUT"]
[SourceTitle "CB16_2024"]
[SourceDate "2024.04.17"]
[SourceVersion "1"]
[SourceVersionDate "2024.04.17"]
[SourceQuality "1"]
[WhiteTeam "Dornbirn (W)"]
[BlackTeam "Schach ohne Grenzen (W)"]
[WhiteTeamCountry "AUT"]
[BlackTeamCountry "AUT"]

1. Nf3 Nf6 2. d4 b6 3. Bg5 Ne4 4. Bh4 Bb7 5. d5 c6 6. c4 Qc7 7. e3 cxd5 8. cxd5 Qc5 9. Nbd2 Nxd2 10. Nxd2 Qxd5 11. Qc2 Nc6 12. Bc4 Qxg2 13. 0-0-0 Ne5 14. Kb1 Qg4 15. Bb5 Rc8 16. Qb3 Bxh1 17. Rxh1 Qxh4 18. f4 Nc6 19. Nf3 Qh5 20. e4 e6 21. Rg1 Qc5 22. a3 Be7 23. Rxg7 Nd4 24. Nxd4 Qxd4 25. Rg3 Qxe4+ 26. Bd3 Qh1+ 0-1

[Event "Titled Tuesday intern op 16th Jan Early"]
[Site "Chess.com INT"]
[Date "2024.01.16"]
[Round "10"]
[White "Novozhilov, Semen"]
[Black "Brunello, Marina"]
[Result "1-0"]
[WhiteElo "2272"]
[BlackElo "2345"]
[PlyCount "71"]
[EventDate "2024.01.16"]
[EventType "swiss (blitz)"]
[EventRounds "11"]
[EventCountry "USA"]
[SourceTitle "CB04_2024"]
[SourceDate "2023.10.16"]
[SourceVersion "1"]
[SourceVersionDate "2023.10.16"]
[SourceQuality "1"]

1. d4 Nf6 2. Nf3 e6 3. e3 b6 4. Bd3 Bb7 5. 0-0 d5 6. b3 Bd6 7. Bb2 Nbd7 8. Ne5 0-0 9. Nd2 c5 10. f4 Ne4 11. Bb5 Ndf6 12. Ndf3 Rc8 13. Qe2 Qc7 14. Rac1 c4 15. bxc4 a6 16. c5 bxc5 17. Bxa6 c4 18. Bxb7 Qxb7 19. Rb1 Qa6 20. a3 Qa5 21. g4 Rb8 22. g5 Nh5 23. Nc6 Qa8 24. Nxb8 Rxb8 25. Ne5 g6 26. Ba1 Rc8 27. a4 Qxa4 28. Rb7 Qa6 29. Rxf7 Ng7 30. Qg4 Nd2 31. Rxg7+ Kxg7 32. Qxe6 Rf8 33. Rd1 Ne4 34. Qxd5 Qa8 35. Qxa8 Rxa8 36. Nxc4 1-0

[Event "ITA-ch (Women) 82nd"]
[Site "Brescia"]
[Date "2023.12.09"]
[Round "7"]
[White "Gueci, Tea"]
[Black "Brunello, Marina"]
[Result "1/2-1/2"]
[WhiteElo "2210"]
[BlackElo "2340"]
[PlyCount "72"]
[EventDate "2023.12.03"]
[EventType "tourn"]
[EventRounds "7"]
[EventCountry "ITA"]
[SourceTitle "CB50_2023"]
[SourceDate "2023.12.13"]
[SourceVersion "1"]
[SourceVersionDate "2023.12.13"]
[SourceQuality "1"]

1. e4 c5 2. Nf3 d6 3. d4 cxd4 4. Nxd4 Nf6 5. Nc3 a6 6. Qd3 Nbd7 7. Be2 b5 8. Nd5 Bb7 9. a4 Nc5 10. Nxf6+ gxf6 11. Qe3 bxa4 12. f3 h5 13. Qf2 e6 14. 0-0 d5 15. exd5 Bxd5 16. Rd1 Qc7 17. h3 Rg8 18. b4 axb3 19. cxb3 Bd6 20. Be3 Bg3 21. Qf1 Qe5 22. Bf2 Bxf2+ 23. Qxf2 a5 24. Bf1 Kf8 25. Qc2 Nxb3 26. Nxb3 Qe3+ 27. Kh1 Bxb3 28. Qc6 Bxd1 29. Qxa8+ Kg7 30. Qxa5 Qd4 31. Rc1 Kh6 32. Qc7 Rg7 33. Qb8 Bxf3 34. Qh8+ Rh7 35. Qf8+ Rg7 36. Qh8+ Rh7 1/2-1/2

[Event "ITA-ch (Women) 82nd"]
[Site "Brescia"]
[Date "2023.12.07"]
[Round "5"]
[White "Brunello, Marina"]
[Black "Sedina, Elena"]
[Result "1-0"]
[WhiteElo "2340"]
[BlackElo "2160"]
[PlyCount "55"]
[EventDate "2023.12.03"]
[EventType "tourn"]
[EventRounds "7"]
[EventCountry "ITA"]
[SourceTitle "CB50_2023"]
[SourceDate "2023.12.13"]
[SourceVersion "1"]
[SourceVersionDate "2023.12.13"]
[SourceQuality "1"]

1. e4 e6 2. d4 d5 3. Nc3 Bb4 4. e5 c5 5. a3 Bxc3+ 6. bxc3 Nc6 7. Qg4 g6 8. Bd2 Qa5 9. Nf3 Qa4 10. Ra2 Bd7 11. Qf4 c4 12. Ng5 Nd8 13. Be2 h6 14. Nf3 Nc6 15. h4 Rh7 16. Nh2 0-0-0 17. Ng4 g5 18. Qg3 Qb5 19. 0-0 h5 20. Nf6 Nxf6 21. exf6 gxh4 22. Qxh4 e5 23. dxe5 Nxe5 24. Qd4 Nc6 25. Qf4 Rg8 26. Bf3 Bg4 27. Bxg4+ hxg4 28. Qf5+ 1-0

[Event "ITA-ch (Women) 82nd"]
[Site "Brescia"]
[Date "2023.12.05"]
[Round "3"]
[White "Brunello, Marina"]
[Black "Rubinshtein, Kamilla"]
[Result "1-0"]
[WhiteElo "2340"]
[BlackElo "1969"]
[PlyCount "91"]
[EventDate "2023.12.03"]
[EventType "tourn"]
[EventRounds "7"]
[EventCountry "ITA"]
[SourceTitle "CB50_2023"]
[SourceDate "2023.12.13"]
[SourceVersion "1"]
[SourceVersionDate "2023.12.13"]
[SourceQuality "1"]

1. e4 c5 2. Nf3 Nc6 3. d4 cxd4 4. Nxd4 e6 5. Nc3 Qc7 6. Be2 a6 7. Be3 Nf6 8. 0-0 Be7 9. Kh1 0-0 10. f4 d6 11. Qe1 Nxd4 12. Bxd4 b5 13. a3 Bb7 14. Qg3 Bc6 15. Rae1 Rad8 16. Bd3 Qd7 17. Re2 Nh5 18. Qg4 e5 19. Qxh5 exd4 20. Nd5 Bxd5 21. exd5 g6 22. Qh6 Rfe8 23. f5 Bf8 24. Rxe8 Qxe8 25. Qh4 Qe7 26. Qxd4 Qe5 27. Qb6 Be7 28. b4 Bg5 29. Qxa6 Bf4 30. Qxb5 Bxh2 31. Qc4 Bg3 32. Qg4 Ra8 33. Qf3 g5 34. f6 Qf4 35. Qxf4 Bxf4 36. b5 Be3 37. Re1 Bd4 38. g4 Bxf6 39. b6 Rb8 40. Rb1 Bd4 41. b7 Kg7 42. Bf5 h6 43. Bc8 h5 44. gxh5 Kh6 45. Rb4 Bc5 46. Ra4 1-0

[Event "AUT-chT 2324"]
[Site "Austria"]
[Date "2023.11.24"]
[Round "4.5"]
[White "Bacrot, Etienne"]
[Black "Brunello, Marina"]
[Result "1-0"]
[WhiteElo "2668"]
[BlackElo "2343"]
[PlyCount "57"]
[EventDate "2023.11.22"]
[EventType "team-tourn"]
[EventRounds "11"]
[EventCountry "AUT"]
[SourceTitle "CB48_2023"]
[SourceDate "2023.11.29"]
[SourceVersion "1"]
[SourceVersionDate "2023.11.29"]
[SourceQuality "1"]
[WhiteTeam "Linz"]
[BlackTeam "Schach ohne Grenzen"]
[WhiteTeamCountry "AUT"]
[BlackTeamCountry "AUT"]

1. e4 e6 2. d4 d5 3. Nc3 Nf6 4. e5 Nfd7 5. f4 c5 6. Nf3 Nc6 7. Ne2 b5 8. a3 a5 9. c3 b4 10. axb4 cxb4 11. Ng3 Nb6 12. Bb5 Bd7 13. Qe2 g6 14. h4 Ne7 15. h5 Nf5 16. Nf1 gxh5 17. Rxh5 Nc4 18. Bxd7+ Qxd7 19. g4 Ng7 20. Rh6 b3 21. Ng5 Be7 22. Nxh7 0-0-0 23. Nd2 Qb5 24. Nxc4 dxc4 25. Qf3 Kb8 26. f5 Ne8 27. f6 Bf8 28. Rh5 Nc7 29. Ng5 1-0

[Event "EU-chT (Women) 24th"]
[Site "Budva"]
[Date "2023.11.20"]
[Round "9.11"]
[White "Brunello, Marina"]
[Black "Vanduyfhuys, Daria"]
[Result "1-0"]
[WhiteElo "2343"]
[BlackElo "2083"]
[PlyCount "101"]
[EventDate "2023.11.11"]
[EventType "team-swiss"]
[EventRounds "9"]
[EventCountry "MNE"]
[SourceTitle "CB47_2023"]
[SourceDate "2023.11.22"]
[SourceVersion "1"]
[SourceVersionDate "2023.11.22"]
[SourceQuality "1"]
[WhiteTeam "Italy (W)"]
[BlackTeam "Belgium (W)"]
[WhiteTeamCountry "ITA"]
[BlackTeamCountry "BEL"]

1. e4 c5 2. Nf3 d6 3. d4 cxd4 4. Nxd4 Nf6 5. Nc3 a6 6. a4 e5 7. Nf3 Be7 8. Bg5 Be6 9. Bxf6 Bxf6 10. Nd5 Nd7 11. Bc4 Rc8 12. b3 0-0 13. 0-0 Bg5 14. Re1 Kh8 15. Qe2 Bg4 16. h3 Bh5 17. Rad1 Nc5 18. g4 Bg6 19. Nc3 Bf4 20. b4 Ne6 21. Nd5 h5 22. Bb3 a5 23. c3 Bh6 24. Rd3 Re8 25. Qf1 Rc6 26. Qe2 Qc8 27. Nh4 axb4 28. Nf5 Bxf5 29. gxf5 Nc5 30. Rg3 h4 31. Rg2 Nxb3 32. Qh5 Rxc3 33. f6 Re6 34. Ne7 Rxf6 35. Nxc8 Rxc8 36. Qg4 Rc3 37. Qd7 Nd2 38. Rd1 b3 39. Qxb7 Rxh3 40. Qc8+ Kh7 41. Qxh3 b2 42. Qd3 Nf3+ 43. Kh1 Bc1 44. Qb1 Rf4 45. a5 f5 46. a6 Rxe4 47. a7 Ra4 48. Qxf5+ Kg8 49. Qc8+ Kh7 50. Qc2+ e4 51. a8Q 1-0

[Event "EU-chT (Women) 24th"]
[Site "Budva"]
[Date "2023.11.12"]
[Round "2.12"]
[White "Prudnykova, Olga"]
[Black "Brunello, Marina"]
[Result "0-1"]
[WhiteElo "2273"]
[BlackElo "2343"]
[PlyCount "62"]
[EventDate "2023.11.11"]
[EventType "team-swiss"]
[EventRounds "9"]
[EventCountry "MNE"]
[SourceTitle "CB47_2023"]
[SourceDate "2023.11.22"]
[SourceVersion "1"]
[SourceVersionDate "2023.11.22"]
[SourceQuality "1"]
[WhiteTeam "Iceland (W)"]
[BlackTeam "Italy (W)"]
[WhiteTeamCountry "ISL"]
[BlackTeamCountry "ITA"]

1. e4 c5 2. Nf3 d6 3. Nc3 Nf6 4. e5 dxe5 5. Nxe5 a6 6. Qe2 Qc7 7. b3 e6 8. Bb2 Bd6 9. f4 Nc6 10. Nxc6 Qxc6 11. 0-0-0 Bxf4 12. g3 Bd6 13. Bg2 Qc7 14. d4 0-0 15. dxc5 Bxc5 16. Rhf1 Be7 17. g4 h6 18. Rd3 Bd7 19. g5 hxg5 20. Rh3 g4 21. Rh4 Rac8 22. Qd3 Qc5 23. Bd5 Bb5 24. Nxb5 Qxd5 25. Qxd5 Nxd5 26. Rxg4 g6 27. Rf3 axb5 28. h4 b4 29. Be5 f6 30. Rxg6+ Kf7 31. Rh6 Kg7 0-1

[Event "SRB-chT (Women) Div1"]
[Site "Senta"]
[Date "2023.10.11"]
[Round "2.1"]
[White "Brunello, Marina"]
[Black "Doluhanova, Evgeniya"]
[Result "1-0"]
[WhiteElo "2323"]
[BlackElo "2230"]
[PlyCount "104"]
[EventDate "2023.10.10"]
[EventType "team-tourn"]
[EventRounds "11"]
[EventCountry "SRB"]
[SourceTitle "Mega2024 Update 01"]
[Source "Chessbase"]
[SourceDate "2023.11.12"]
[SourceVersion "1"]
[SourceVersionDate "2023.11.12"]
[SourceQuality "1"]
[WhiteTeam "Pirot Cast i Slava (W)"]
[BlackTeam "Kostolac Rudar (W)"]
[WhiteTeamCountry "SRB"]
[BlackTeamCountry "SRB"]

1. e4 e5 2. Nf3 Nc6 3. Bb5 g6 4. d4 exd4 5. Bg5 Be7 6. Bxe7 Qxe7 7. 0-0 Nf6 8. e5 Nh5 9. c3 a6 10. Bc4 d3 11. Re1 0-0 12. Qxd3 b5 13. Bb3 Bb7 14. Nbd2 Na5 15. Bc2 Nf4 16. Qe3 Nd5 17. Qh6 f5 18. exf6 Qxf6 19. Ne4 Qg7 20. Qxg7+ Kxg7 21. Nc5 Bc6 22. Ne5 Nf4 23. Nxc6 dxc6 24. g3 Nh3+ 25. Kg2 Rxf2+ 26. Kxh3 Rxc2 27. Re7+ Kh6 28. Rf1 Rd2 29. Rf4 Rd5 30. Rh4+ Rh5 31. Rxh5+ Kxh5 32. Rxh7+ Kg5 33. b3 Re8 34. Rxc7 Re2 35. Ra7 Rxa2 36. Rxa6 Ra3 37. Ne6+ Kh5 38. g4+ Kh6 39. g5+ Kh7 40. Nd4 Nc4 41. Rxa3 Nxa3 42. Nxc6 Nb1 43. c4 bxc4 44. bxc4 Nd2 45. Ne5 Kg7 46. Kg4 Nf1 47. h3 Ne3+ 48. Kf4 Nf5 49. c5 Ne7 50. c6 Kf8 51. Ke4 Ke8 52. c7 Nc8 1-0

[Event "SRB-chT (Women) Div1"]
[Site "Senta"]
[Date "2023.10.10"]
[Round "1.1"]
[White "Rakhmangulova, Anastasiya"]
[Black "Brunello, Marina"]
[Result "0-1"]
[WhiteElo "2354"]
[BlackElo "2323"]
[PlyCount "88"]
[EventDate "2023.10.10"]
[EventType "team-tourn"]
[EventRounds "11"]
[EventCountry "SRB"]
[SourceTitle "Mega2024 Update 01"]
[Source "Chessbase"]
[SourceDate "2023.11.12"]
[SourceVersion "1"]
[SourceVersionDate "2023.11.12"]
[SourceQuality "1"]
[WhiteTeam "Sremska Mitrovica Sirmium (W)"]
[BlackTeam "Pirot Cast i Slava (W)"]
[WhiteTeamCountry "SRB"]
[BlackTeamCountry "SRB"]

1. e4 e6 2. d4 d5 3. Nc3 Bb4 4. e5 b6 5. Qg4 Bf8 6. h4 Ba6 7. Bxa6 Nxa6 8. Qe2 Nb8 9. h5 h6 10. f4 Qd7 11. g4 Nc6 12. Nf3 Nge7 13. Be3 0-0-0 14. 0-0-0 Kb8 15. Nh4 Na5 16. b3 Rc8 17. Qf2 Nec6 18. Nb1 Nd8 19. f5 c5 20. dxc5 bxc5 21. c4 d4 22. Bf4 Be7 23. Nd2 Qb7 24. f6 Bf8 25. Rhe1 Ndc6 26. Ne4 gxf6 27. exf6+ e5 28. Bh2 Ka8 29. Nf5 Rb8 30. Re2 Nxc4 31. Qf3 Ne3 32. Nxe3 dxe3 33. Nd6 Nd4 34. Nxb7 Nxf3 35. Na5 Rg8 36. Rd7 Rc8 37. Rxe3 Nxh2 38. Rxe5 c4 39. Nc6 Ba3+ 40. Kb1 Rxc6 41. Rxf7 cxb3 42. axb3 Nxg4 43. Rg7 Nxe5 44. Rxg8+ Kb7 0-1

[Event "FIDE World Cup (Women)"]
[Site "Baku"]
[Date "2023.08.01"]
[Round "1.4"]
[White "Priyanka, Nutakki"]
[Black "Brunello, Marina"]
[Result "1-0"]
[WhiteElo "2293"]
[BlackElo "2324"]
[PlyCount "89"]
[EventDate "2023.07.30"]
[EventType "k.o."]
[EventRounds "7"]
[EventCountry "AZE"]
[SourceTitle "EXT 2024"]
[Source "ChessBase"]
[SourceDate "2023.10.10"]
[SourceVersion "1"]
[SourceVersionDate "2023.10.10"]
[SourceQuality "1"]

1. d4 Nf6 2. c4 e6 3. Nf3 b6 4. g3 Bb4+ 5. Bd2 Be7 6. Bg2 Bb7 7. 0-0 0-0 8. Nc3 d5 9. cxd5 exd5 10. Rc1 Na6 11. Bf4 c5 12. Ne5 Nc7 13. dxc5 bxc5 14. Nd3 Ne6 15. Be5 Qd7 16. Bxf6 Bxf6 17. Na4 Rad8 18. Naxc5 Nxc5 19. Nxc5 Qe7 20. Qd2 Ba8 21. b4 Bg5 22. f4 Bf6 23. Rc2 Rfe8 24. Rfc1 g6 25. Na6 Qd6 26. Nc7 Qb6+ 27. Kf1 Rf8 28. Nxa8 Rxa8 29. Rc6 Qd4 30. Qxd4 Bxd4 31. Bxd5 Rab8 32. R1c4 Be3 33. Re4 Bd2 34. a3 Rfd8 35. Rd4 Be3 36. Rd3 Bb6 37. e4 Rbc8 38. Rdc3 Rxc6 39. Rxc6 Kg7 40. a4 Rd7 41. a5 Be3 42. Ke2 Bg1 43. Rc1 Bd4 44. Kd3 Bf2 45. Rf1 1-0

[Event "ITA-chT (Women)"]
[Site "Bacoli"]
[Date "2023.04.29"]
[Round "4.2"]
[White "Brunello, Marina"]
[Black "Zimina, Olga"]
[Result "1-0"]
[WhiteElo "2346"]
[BlackElo "2295"]
[PlyCount "93"]
[EventDate "2023.04.25"]
[EventType "team-tourn"]
[EventRounds "7"]
[EventCountry "ITA"]
[SourceTitle "CBM 214 Extra"]
[Source "ChessBase"]
[SourceDate "2023.07.31"]
[SourceVersion "1"]
[SourceVersionDate "2023.07.31"]
[SourceQuality "1"]

1. e4 e5 2. Nf3 Nc6 3. Bc4 Nf6 4. d3 h6 5. c3 d6 6. Nbd2 g6 7. 0-0 Bg7 8. Re1 0-0 9. d4 Nh7 10. dxe5 Nxe5 11. Nxe5 dxe5 12. a4 Ng5 13. a5 c6 14. b4 h5 15. Qc2 h4 16. h3 Qf6 17. Bf1 Rd8 18. Re3 Bf8 19. Nc4 Be6 20. Rd3 Rdb8 21. Rd1 b5 22. axb6 axb6 23. Be3 b5 24. Nd2 Rd8 25. Be2 Be7 26. Nf1 Rdc8 27. Nd2 Rxa1 28. Rxa1 c5 29. bxc5 Bxc5 30. Bxc5 Rxc5 31. Ra8+ Kg7 32. Qd3 Bc4 33. Qe3 Qc6 34. Bxc4 bxc4 35. Rb8 Ne6 36. Rb4 Nf4 37. Nf3 Nd3 38. Rb1 Qf6 39. Ne1 Qf4 40. Qe2 Nc1 41. Qd1 Nb3 42. Rxb3 cxb3 43. Nd3 b2 44. Nxf4 Rb5 45. Qb1 exf4 46. f3 Kf6 47. Kf2 1-0

[Event "ITA-chT (Women)"]
[Site "Bacoli"]
[Date "2023.04.27"]
[Round "1.2"]
[White "Brunello, Marina"]
[Black "Rakic, Vasilija"]
[Result "1-0"]
[WhiteElo "2346"]
[BlackElo "1166"]
[PlyCount "87"]
[EventDate "2023.04.25"]
[EventType "team-tourn"]
[EventRounds "7"]
[EventCountry "ITA"]
[SourceTitle "CBM 214 Extra"]
[Source "ChessBase"]
[SourceDate "2023.07.31"]
[SourceVersion "1"]
[SourceVersionDate "2023.07.31"]
[SourceQuality "1"]

1. e4 Nc6 2. d4 d5 3. e5 Bf5 4. c3 a6 5. Nf3 f6 6. Bf4 e6 7. Nbd2 h6 8. Bg3 g5 9. exf6 Nxf6 10. Ne5 Nxe5 11. dxe5 Nd7 12. Be2 Bg6 13. Bh5 Bxh5 14. Qxh5+ Ke7 15. h4 Qe8 16. hxg5 Qxh5 17. Rxh5 Bg7 18. gxh6 Bxh6 19. Ke2 Bg7 20. Rxh8 Rxh8 21. f4 Kf7 22. Bf2 Bf8 23. Nf3 Rg8 24. Ng5+ Ke7 25. Rh1 Rg7 26. Rh8 b6 27. g4 Rg6 28. f5 exf5 29. gxf5 Rh6 30. Rxh6 Bxh6 31. Nf3 Bf4 32. Bh4+ Ke8 33. e6 Ne5 34. Nxe5 Bxe5 35. Bg5 Bd6 36. f6 Be5 37. f7+ Kf8 38. Bh6+ Bg7 39. Bxg7+ Kxg7 40. Ke3 c5 41. Kf4 Kf8 42. Ke5 d4 43. Kf6 d3 44. e7# 1-0